Responses for Show #6269 - Thursday, December 15, 2011

Alex's wife Jean, 91-year-old mother Lucille, and cousin Dolores from Florida featured in the audience.

Contestants

[<< previous game]

Beth Watkins, a graduate student of medieval studies from Savannah, Georgia

Silas Crawford, an attorney from Jacksonville, Florida

Boomie Aglietti, a writer for TV and stage from Los Angeles, California (whose 2-day cash winnings total $58,799)

[next game >>]

Jeopardy! Round responses

PASTIMES
THE ENTERTAINER'S TWITTER BIO
DIALECTS
COMPANY LOGOS
BURNS, BABY, BURNS
"S" AS IN SIMILE
    $200 21
Pez

Beth
    $200 16
Charlie Sheen

Silas
    $200 1
Japanese

Beth
    $200 25
All State

Silas
    $200 11
Scotland

Beth
    $200 6
snug

Beth
    $400 22
scrapbooking

Beth
    $400 17
Jimmy Fallon

Triple Stumper
    $400 2
Arabic

Boomie
    $400 26
Chiquita

Boomie
    $400 12
"Auld Lang Syne"

Beth
    $400 7
slippery

Silas
    $600 23
crossword puzzle

Boomie
    $600 18
(Conan) O'Brien

Boomie
    $600 3
German

Beth
    $600 27
Target

Beth
    $600 13
haggis

Boomie
    $600 8
sharp

Boomie
    $800 24
ham radio

Boomie
    $800 19
Kathy Griffin

Silas
    $800 4
Spanish

Boomie
    $800 28
(Boomie: What is Texaco?)

Mobil

BoomieSilas
    $800 14
(Silas: What is "require"?)

"desire"

BoomieSilas
    $800 9
stubborn

Silas
    $1000 30
purl

Beth
    $1000 20
Kim Kardashian

Silas
    $1000 5
The Philippines

Boomie
    $1000 29
Burger King

Triple Stumper
    $1,200 15
"mice and men"

Boomie
    $1000 10
still

Beth

Scores at the first commercial break (after clue 15):

Boomie Silas Beth
$5,400 $400 $2,600

Scores at the end of the Jeopardy! Round:

Boomie Silas Beth
$7,000 $3,400 $4,800

Double Jeopardy! Round responses

TIMES PAST
THE BIRDS & THE "B"s
CHURCHES & CATHEDRALS
TV SHOW SUPPORTING CHARACTERS
FABRICS
MIDDLE T
(Alex: The letter "T" will be exactly in the middle of each correct response.)
    $400 25
Mao

Boomie
    $400 4
blackbird

Boomie
    $400 16
Prague

Beth
    $400 1
The Simpsons

Silas
    $400 30
the bark

Boomie
    $400 11
altar

Boomie
    $800 24
Quebec

Triple Stumper
    $800 5
Bismarck (kingfisher)

Beth
    $800 17
Iceland

Beth
    $800 2
Lost

Boomie
    $800 26
burlap

Silas
    $800 12
abstain

Silas
    $1200 21
chariots

Beth
    $1200 6
a budgie

Silas
    $3,000 18
the National Cathedral

Beth
    $1200 3
Desperate Housewives

Triple Stumper
    $1200 27
crepe

Boomie
    $1200 13
auction

Boomie
    $2,000 22
(Beth: What is Paris?)

Vienna

Beth
    $1600 7
the boobie

Boomie
    $1600 19
Sepulcher

Beth
    $1600 9
Entourage

Silas
    $1600 29
rayon

Boomie
    $1600 14
(Silas: What is theta?)

eta

BoomieSilas
    $2000 23
Wessex

Beth
    $2000 8
the buzzard

Beth
    $2000 20
the Hagia Sophia

Boomie
    $2000 10
House (, M.D.)

Silas
    $2000 28
Hebrides

Beth
    $2000 15
a lycanthrope

Beth

Scores at the end of the Double Jeopardy! Round:

Boomie Silas Beth
$18,600 $8,600 $18,600

[wagering suggestions for these scores]

Final Jeopardy! Round responses

AMERICAN AUTHORS
SilasWho is Washington Irving?
$8,000
BethWho is was Washington Irving?
$18,600
BoomieWho is Hawthorne
$18,600
Washington Irving

Final scores:

Boomie Silas Beth
$0 $16,600 $37,200
3rd place: $1,000 2nd place: $2,000 New champion: $37,200

Game dynamics:

Coryat scores:

Boomie Silas Beth
$18,400 $8,600 $18,800
22 R
(including 1 DD),
1 W
13 R,
2 W
20 R
(including 1 DD),
1 W
(including 1 DD)

Combined Coryat: $45,800

[game clues] [game scores] [suggest correction]

Game tape date: 2011-10-25
The J! Archive is created by fans, for fans. Scraping, republication, monetization, and malicious use prohibited; this site may use cookies and collect identifying information. See terms. The Jeopardy! game show and all elements thereof, including but not limited to copyright and trademark thereto, are the property of Jeopardy Productions, Inc. and are protected under law. This website is not affiliated with, sponsored by, or operated by Jeopardy Productions, Inc. Join the discussion at JBoard.tv.